Antología de poetas modernistas hispanoamericanos
Salvato in:
| Autore principale: | |
|---|---|
| Natura: | Libro |
| Lingua: | spagnolo |
| Pubblicazione: |
Waltham
Blaisdell Publishing
1966
|
| Serie: | Blaidell book in the modern languages
|
| Soggetti: | |
| Tags: |
Aggiungi Tag
Nessun Tag, puoi essere il primo ad aggiungerne!!
|
MARC
| LEADER | 00000nam a2200000 a 4500 | ||
|---|---|---|---|
| 001 | UCX1601 | ||
| 003 | CL-VaPUC | ||
| 008 | 901003e19660000US |||||||||||||||||spa|d | ||
| 082 | 0 | 4 | |a H861 |b CAS |2 21 |
| 100 | 0 | |a Castillo, Homero |e author |9 317152 | |
| 245 | 1 | 0 | |a Antología de poetas modernistas hispanoamericanos |
| 300 | |a 505 p | ||
| 942 | |c BK | ||
| 945 | |d 19901003 00:00:00 | ||
| 260 | |a Waltham |b Blaisdell Publishing |c 1966 | ||
| 650 | 0 | |a Poesías hispanoamericanas |9 267672 | |
| 650 | 0 | |a Modernismo (Literatura) |9 267614 | |
| 583 | |a last modification |c 19901003 00:00:00 |k Rodrigo Vera | ||
| 490 | 0 | |a Blaidell book in the modern languages | |
| 999 | |c 222794 |d 222792 | ||
| 952 | |0 0 |1 0 |4 0 |6 H_861_000000000000000_CAS_1966 |7 0 |8 A |9 217985 |a BIBEDU |b BIBEDU |d 2019-11-15 |i 2868539 |o H861 CAS 1966 |p 2868539 |r 2019-11-15 |w 2019-11-15 |y BK |k LIT | ||